000 00335 a2200157 4500
001 155561
040 _cEscola São Tomás de Aquino
100 _aMARCHEZI, Vera
240 1 0 _aProjeto Ápis
_lpor
245 1 0 _aProjeto Ápis
300 _a320
362 0 _a2014
440 1 _aÁtica
697 _aLíngua portuguesa
942 _cBK
999 _c155561
_d155561